Hino à Bandeira Nacional - Statistics

Estatísticas Gerais
  • Esse quiz foi jogado 137 vezes
  • A pontuação média é 45 de 107
Estatísticas das Respostas
Resposta % Correto
o
93%
à
86%
A
86%
a
86%
E
79%
e
79%
Brasil
73%
do
70%
da
67%
Da
67%
Pátria
61%
Salve,
60%
amada
57%
nos
57%
Nos
57%
se
57%
esperança!
55%
lindo
55%
paz!
55%
símbolo
55%
pendão
54%
augusto
53%
peito
52%
Em
51%
nosso
51%
ou
51%
que
51%
terra
51%
afeto
47%
de
45%
Tua
45%
encerra
44%
lembrança
44%
nobre
44%
Recebe
44%
traz
43%
presença
42%
Querido
41%
grandeza
39%
teu
34%
azul
28%
seio
28%
bandeira
27%
céu
26%
Cruzeiro
26%
Sul
24%
formoso
23%
par
22%
sem
22%
Este
21%
puríssimo
20%
esplendor
19%
matas
19%
amor!
17%
destas
16%
retratas
16%
verdura
16%
varonil
15%
por
14%
seus
14%
filhos
13%
Nação
12%
ser!
12%
11%
sagrado
11%
sempre
11%
amado
10%
Brasileira
10%
Contemplando
9%
festa
9%
imensa
9%
momentos
9%
vulto
9%
dever
8%
feliz
8%
justiça
8%
Pavilhão
8%
Sobre
8%
Compreendemos
7%
dor
7%
Paira
7%
Poderoso
7%
sagrada
7%
Nenhum quiz correspondente encontrado
Distribuição das Pontuações
Porcentagem de Pessoas com Cada Pontuação
Percentil de Números Respondidos
Sua Pontuação Histórica
Você não jogou esse quiz